| 000 | 00965nac a22002411u 4500 | ||
|---|---|---|---|
| 010 | _a 2002030726 | ||
| 020 | _a013032535X (alk. paper) | ||
| 082 | 0 | 0 |
_a327 _bLAM |
| 090 |
_c6792 _d6792 |
||
| 100 | _aLamborn, Alan C. | ||
| 245 | 1 | 0 |
_aWorld politics into the twenty-first century : _bunique contexts, enduring patterns / _cAlan C. Lamborn, Joseph Lepgold. |
| 246 | 3 | _aWorld politics into the twenty first century | |
| 250 | _a1st ed. | ||
| 260 |
_aUpper Saddle River, N.J. : _bPrentice Hall,c2003. _cc2003. |
||
| 300 |
_axxxvii, 567 p.: _bill. (some col.), col. maps ; _c25 cm. |
||
| 500 | _aDistributer: Al-Ahram. | ||
| 504 | _aIncludes bibliographical references (p. 521-536) and index. | ||
| 511 | _aCatalogued By: Mahitab. | ||
| 650 | 0 | _aInternational relations. | |
| 700 | 1 | _aLepgold, Joseph. | |
| 942 |
_cBB _k327LAM |
||
| 999 |
_c6792 _d6792 |
||